Les Romains après Rome : Sociétés, territoires, identités Ve-XVe siècle (notice n° 2175512)
[ vue normale ]
| 000 -LEADER | |
|---|---|
| fixed length control field | 01502cam a2200133 4500500 |
| 005 - DATE AND TIME OF LATEST TRANSACTION | |
| control field | 20260405051124.0 |
| 041 ## - LANGUAGE CODE | |
| Language code of text/sound track or separate title | fre |
| 042 ## - AUTHENTICATION CODE | |
| Authentication code | dc |
| 100 10 - MAIN ENTRY--PERSONAL NAME | |
| Personal name | Trochet, Jean-René |
| Relator term | author |
| 245 00 - TITLE STATEMENT | |
| Title | Les Romains après Rome : Sociétés, territoires, identités Ve-XVe siècle |
| 260 ## - PUBLICATION, DISTRIBUTION, ETC. | |
| Name of publisher, distributor, etc. | Armand Colin,<br/> |
| Date of publication, distribution, etc. | 2022.<br/> |
| 520 ## - SUMMARY, ETC. | |
| Summary, etc. | La disparition de l’Empire romain d’Occident en 476 ne signe pas la disparition des Romains. Plusieurs siècles auparavant, une dissociation s’était déjà affirmée entre les Romains occidentaux et orientaux. Après 476, celle-ci s’approfondit avec la disparition progressive des premiers, tandis que les seconds parviennent à se maintenir en dépit des difficultés liées aux invasions de la fin de l’Antiquité et du Haut Moyen Âge. Se dessinent alors deux grandes catégories de Romains orientaux : les Rumani et Arumani latinophones des Balkans – nommés le plus souvent Valaques – et les Romaioi hellénophones de l’Empire byzantin. Malgré des différences importantes entre les deux communautés, la langue (romane ou grecque), la religion et le droit constituent des éléments clés de leurs identités respectives. À l’opposé, l’effacement de l’identité romaine en Occident dès le Haut Moyen Âge laissera place à la Renaissance aux Romains essentialisés ou métaphorisés de la philosophie politique occidentale. |
| 856 41 - ELECTRONIC LOCATION AND ACCESS | |
| Uniform Resource Identifier | <a href="https://shs.cairn.info/les-romains-apres-rome--9782200634520?lang=fr&redirect-ssocas=7080">https://shs.cairn.info/les-romains-apres-rome--9782200634520?lang=fr&redirect-ssocas=7080</a> |
Pas d'exemplaire disponible.




Réseaux sociaux